000 00734nam a22002537a 4500
003 dpl
005 20180608160337.0
008 180608b xxu||||| |||| 00| 0 eng d
010 _aB-108972
020 _c175.00
_a8180541347
035 _aB-108972, B-109000
037 _bCen Lib/Ret
040 _aDPL
_bEN
_c0
082 _a346.54056
_bKAP
100 _aKapoor, N. D
_915471
245 _aElements of company law /
_cby N. C. Kapoor
250 _a27th ed
260 _aNew Delhi
_bSultan Chand and Sons
_c2003
270 _bNew Delhi
_a23 Daryaganj
_e110002
300 _axiv,553p.
_c24cm(Hb)
650 _aCorporation law
_915472
650 _aStock companies
_915473
942 _2ddc
_cEN
_h346.54056
_mKAP
999 _c125778
_d125778